| 000 | 00769nam a22001337a 4500 | ||
|---|---|---|---|
| 040 | _cRUA | ||
| 082 | _aAGR DOR 2010 B045 Or.1 | ||
| 100 | _aDORL, PHEAKDEY. | ||
| 245 | _athe different amount of material in pellet compost on elery cabbage yield at royal unversity of agriculture (បរិមាណសមាសធាតុផ្សំផ្សេងៗគ្នានៃជីកំប៉ុស្តិ៍គ្រាប់លើទិន្នផលដំណាំស្ពៃចង្កិះ នៅសាកលវិទ្យាល័យភូមិន្ទកសិកម្ម) | ||
| 260 |
_aPhnom Penh _bRUA _c2010 |
||
| 300 |
_ax, 43p. _bill. _c29cm. |
||
| 856 | _uhttps://drive.google.com/file/d/1ltU3NQKfBKzjFPtPFwJU6iPGi4evsw1d/view?usp=sharing | ||
| 942 | _cAGR | ||
| 999 |
_c1113 _d1113 |
||